LEADER 01544nam--2200385---450- 001 990006048140203316 005 20150806124205.0 012 $a1687 i-e. e-oo acpr (3) 1791 (A)$2fei$5SA0186 035 $a000604814 035 $aUSA01000604814 035 $a(ALEPH)000604814USA01 035 $a000604814 100 $a20150610d1791----km-y0itay50------ba 101 $aita 102 $aIT 105 $a||||||||001yy 140 $a---------------------------- 200 1 $aTrattato elementare, ovvero Principi di fisica fondati sulle nozioni più certe tanto antiche che moderne, e confermati dall'esperienza. Del sig. Brisson ... traduzione del dott. G. Cioni 210 $aFirenze$cper Iacopo Grazioli nelle case dell'Editore$d1791- 215 $aVolumi$d8° 307 $aSegnatura: A-S8 T10 327 1 $aTomo quarto: 1791, V, [1], 7-305, [3] p., [8] c. di tav. ripiegate 700 1$aBRISSON,$bMathurin Jacques$0620511 702 1$aCIONI,$bG. 801 0$aIT$bsalbc$gISBD 912 $a990006048140203316 951 $aXV.7. 35 4$b28 FCar$cXV.7.$d377003 959 $aBK 969 $aFCAR 979 $aGENEROSO$b90$c20150610$lUSA01$h1600 979 $aGENEROSO$b90$c20150610$lUSA01$h1605 979 $aGENEROSO$b90$c20150731$lUSA01$h1112 979 $aALESSANDRA$b90$c20150806$lUSA01$h1242 996 $aTrattato elementare, ovvero Principi di fisica fondati sulle nozioni più certe tanto antiche che moderne, e confermati dall'esperienza. Del sig. Brisson ... traduzione del dott. G. Cioni$91076596 997 $aUNISA LEADER 01632nam1 22003853i 450 001 IEI0213328 005 20251003044200.0 010 $a8886996233 100 $a20031217e20031568||||0itac50 ba 101 | $aita 102 $ait 181 1$6z01$ai $bxxxe 182 1$6z01$an 200 1 $aDescrittione di tutta Italia di F. Leandro Alberti Bolognese aggiuntavi la descrittione di tutte l'isole 205 $aRist. anast 210 $aBergamo$cLeading$dstampa 2003 215 $a2 v.$d24 cm$e12 c. geogr. in cartella 225 | $aˆIl ‰genio vagante$eedizioni anastatiche di opere geografiche, cronache e relazioni di viaggi dal '500 all'800 300 $aRipr. facs. dell'ed.: Venezia : Lodovico degli Avanzi, 1568 300 $aIn custodia. 410 0$1001RAV0667787$12001 $aˆIl ‰genio vagante$eedizioni anastatiche di opere geografiche, cronache e relazioni di viaggi dal '500 all'800 463 1$1001IEI0213334$12000 $a1$v1 463 1$1001IEI0213341$12000 $a2$v2 606 $aItalia$xDescrizioni [e] Viaggi$2FIR$3BMCC000504$9I 676 $a914.5$9GEOGRAFIA. ITALIA$v21 676 $a914.50472$9GEOGRAFIA. ITALIA. Viaggi. 1527-1600$v21 700 1$aAlberti$b, Leandro$3RAVV035833$4070$071767 801 3$aIT$bIT-000000$c20031217 850 $aIT-BN0095 901 $bNAP 01$cSALA $n$ 912 $aIEI0213328 950 1$aBiblioteca Centralizzata di Ateneo$cv. 1-2$d 01SALA 914.5 ALB.de 977 $a 01 996 $aDescrittione di tutta Italia di F. Leandro Alberti Bolognese aggiuntavi la descrittione di tutte l'isole$91400168 997 $aUNISANNIO